1431 1063 1201 1523 1787 1668 1964 1594 1959 1206 1899 1573 1063 1648 1180 1457 1001 1146 1411 1534 1409 1765 1943 1758 1413 1562 1737 1896 1564 1705 1375 1354 1683 1579 1170 1290 1314 1953 1413 1158 1674 1137 1856 1211 1577 1163 1078 1328 1017 1855 1019 1768 1200 1591 1430 1440 1470 1515 1611 1746 1642 1139 1426 1482 1374 1632 1481 1729 1118 1295 1069 1653 1311 1866 1895 1109 1520 1257 1716 1389 1074 1484 1419 1237 1532 1087 1267 1140 1908 1500 1617 1338 1858 1082 1334 1662 1492 1966 1358 BCNSPRNW ULIB Ver.6.0+V

เปลี่ยนเป็นภาษาไทย

Change to English
 แสดงรายละเอียดบรรณานุกรม
  กลับหน้าหลัก

Brief Record : Get Marc (ISO 2709) : E-mail record : QR code < ปิดหน้าต่าง
LEADER : 00000nam 2200000uu 4500
001    13399126078
003     ULIB
008    180525s2555||||th 000 0 tha d
020    ^a9786167742007
040    ^absi
060 04 ^aWB537^bป297ก
100 0  ^aประพจน์ เภตรากาศ
245 10 ^aการตรวจวินิจฉัยโรคด้วยเส้นสิบ /^cประพจน์ เภตรากาศ, พินิต ชินสร้อย
250    ^aพิมพ์ครั้งที่ 1
260    ^aกรุงเทพฯ :^bมูลนิธิเพื่อเด็กพิการ,^c2555
300    ^a(8), 80 หน้า :^bภาพประกอบ ;^c26 ซม.
500    ^aการตรวจวินิจฉัยโรคด้วยเส้นสิบเป็นตำราพื้นฐานในการเรียนหลักสูตรการประกอบโรคศิลปะสาขาการแพทย์แผนไทย ประเภทการนวดไทย (หมอนวดไทย)ตามพระราชบัญญัติการประกอบโรคศิลปะ พ.ศ. 2542
650  4 ^aการแพทย์แผนไทย
650  4 ^aการนวด
650  4 ^aการบำบัดด้วยการนวด
700 0  ^aพินิต ชินสร้อย
710 2  ^aมูลนิธิเพื่อเด็กพิการ
910    ^aSend to UC
945    ^p100^l0^i004071
945    ^p100^l0^i004070
945    ^p100^l0^i004073
945    ^p100^l0^i004072
945    ^p100^l0^i004069
999    ^aวิลาวรรณ์ สายภักดี
รายการนี้ยังไม่มีแท็ก
คุณยังไม่ได้ล็อกอิน คุณสามารถมีกิจกรรมร่วมกับเว็บไซต์ได้ แต่ต้องล็อกอินก่อน ::
  ล็อกอิน

รายการสื่อสารสนเทศ

ลำดับที่ ประเภท เลขเรียก/บาร์โค้ด สถานที่ สถานะ
1. หนังสือสำรอง
หนังสือสำรอง
WB537 ป297ก ฉ.1 
  Barcode: 004069
ห้องสมุดวิทยาเขตนครสวรรค์
►นวนิยาย:l:Fiction
บนชั้น
2. วิทยาศาสตร์การแพทย์ และสุขภาพ
วิทยาศาสตร์การแพทย์ และสุขภาพ
WB537 ป297ก ฉ.2 
  Barcode: 004070
ห้องสมุดวิทยาเขตนครสวรรค์
►นวนิยาย:l:Fiction
บนชั้น
3. วิทยาศาสตร์การแพทย์ และสุขภาพ
วิทยาศาสตร์การแพทย์ และสุขภาพ
WB537 ป297ก ฉ.3 
  Barcode: 004071
ห้องสมุดวิทยาเขตนครสวรรค์
►นวนิยาย:l:Fiction
บนชั้น
4. วิทยาศาสตร์การแพทย์ และสุขภาพ
วิทยาศาสตร์การแพทย์ และสุขภาพ
WB537 ป297ก ฉ.4 
  Barcode: 004072
ห้องสมุดวิทยาเขตนครสวรรค์
►นวนิยาย:l:Fiction
บนชั้น
5. วิทยาศาสตร์การแพทย์ และสุขภาพ
วิทยาศาสตร์การแพทย์ และสุขภาพ
WB537 ป297ก ฉ.5 
  Barcode: 004073
ห้องสมุดวิทยาเขตนครสวรรค์
►นวนิยาย:l:Fiction
บนชั้น

รายการใกล้เคียง
    ผู้แต่ง [ประพจน์ เภตรากาศ]

    หัวเรื่อง [การแพทย์แผนไทย]
    หัวเรื่อง [การนวด]
    หัวเรื่อง [การบำบัดด้วยการนวด]

BibComment


ยังไม่เคยถูกคอมเมนท์

คอมเมนท์ทรัพยากรรายการนี้
  คอมเมนท์: การตรวจวินิจฉัยโ..


 Copyright 2026. Bcnsprnw @Library